000 00316nam a22001457a 4500
008 221005b ||||| |||| 00| 0 eng d
020 _a0808911147
041 _aeng
080 _2volume 1
_a616.8
082 _a616.8DEG
100 _a12
101 _aKAN
245 _aENDOCRINOLOGY
_cDEGROOT L
942 _2udc
_cBK
999 _c58346
_d58346